Výpočty transormátorů

Bibliographic Details
Main Author: Pešák, František, 1898-1963 (Author)
Format: Book
Language:Undetermined
Published: Praha Státní nakladatelství technické literatury 1955
Edition:3. vyd.

MARC

LEADER 00000nam a2200000 a 4500
001 vtls001267720
003 SK-MaSNL
005 20260301155031.0
008 240318s1955 xx 0 und
035 |a SNK000218711 
040 |a SNK  |b slo  |c SNK  |e AACR2 
100 1 |a Pešák, František,  |d 1898-1963  |4 aut  |9 63470 
245 1 0 |a Výpočty transormátorů 
250 |a 3. vyd. 
260 |a Praha  |b Státní nakladatelství technické literatury  |c 1955 
300 |a 223s. 
999 |c 799080  |d 801010 
952 |t P60, <04>, [BOOK], {604}  |a SNK  |b SNK  |y VYP  |7 0  |p 17A0023346  |o snkIC 11860 D1  |0 0  |1 1  |4 0  |d 1996-11-27  |l 0  |r 2005-01-01 00:00:00  |w 2026-02-24